Schaum's outline of fundamentals of relational databases
Сохранить в:
| Главный автор: | |
|---|---|
| Формат: | |
| Язык: | Undetermined |
| Опубликовано: |
New York
McGraw-Hill
2000
|
| Предметы: | |
| Метки: |
Добавить метку
Нет меток, Требуется 1-ая метка записи!
|
| Thư viện lưu trữ: | Trung tâm Học liệu Trường Đại học Cần Thơ |
|---|
| LEADER | 00558nam a2200193Ia 4500 | ||
|---|---|---|---|
| 001 | CTU_61469 | ||
| 008 | 210402s9999 xx 000 0 und d | ||
| 020 | |c 261000 | ||
| 082 | |a 005.756 | ||
| 082 | |b M425 | ||
| 100 | |a Mata-Toledo, Ramon A. | ||
| 245 | 0 | |a Schaum's outline of fundamentals of relational databases | |
| 245 | 0 | |c Ramon A. Mata-Toledo, Pauline K. Cushman | |
| 260 | |a New York | ||
| 260 | |b McGraw-Hill | ||
| 260 | |c 2000 | ||
| 650 | |a Relational databases | ||
| 904 | |i Minh,Hải | ||
| 980 | |a Trung tâm Học liệu Trường Đại học Cần Thơ | ||